| 000 | 00613nam a2200193 a 4500 | ||
|---|---|---|---|
| 005 | 20210219160156.0 | ||
| 008 | 080922s1972 mx r 000 0 spa d | ||
| 035 | _aUPN01000160182 | ||
| 049 | _aUNE | ||
| 080 | _aDO 341.16: 001 (093.2) 1971RES 88a. | ||
| 111 | 2 |
_aUNESCO. Consejo Ejecutivo _n(88a : _d1971 : _cParís) |
|
| 245 | 1 | 0 | _aActas Resumidas. |
| 260 |
_aParís : _bUNESCO, _c1972. |
||
| 300 | _a245 p. | ||
| 500 | _aIncluye texto en inglés, francés, ruso y español | ||
| 690 | _aAcuerdos - Consejo ejecutivo de la UNESCO | ||
| 690 | _aConsejo ejecutivo de la UNESCO - Acuerdos | ||
| 905 | _aUNESCO | ||
| 999 |
_c132296 _d132296 |
||